01036nam a22002895a 450000500170000000800410001702000180005804000280007608200190010410000330012324500580015624600230021425000120023726000650024930000330031450000240034750000230037150400310039452100450042565000410047065000490051165100100056065300210057094200080059199900170059995201300061620160320121310.0160320s2013 ii a frbd 001 0 eng d a9788123923000 aEG-ScBUEbengcEG-ScBUE04a614.1bMOH2221 aMohanta, Guru Prasad.93958710aTextbook of forensic pharmacy /cGuru prasad Mohanta.3 aForensic pharmacy  a1st ed. aNew Delhi :bCBS Publishers & Distributors Pvt. Ltd.,c2013. axv, 224 p. :bill. ;c24 cm. aIndex : p. 219-224. aIncludes glossary. aBibliography : p. 217-218. aFor pharmacy students and professionals. 7aMedical jurisprudence.2BUEsh939591 0aPharmacyxLaw and legislation.2BUEsh939593 2BUEsh bPPhrmcMarch2016 2ddc c21447d21419 00102ddc40708Scien. H.aMAINbMAINc1STd2016-03-20ePurchaseg75.00h1l0o614.1 MOHp000032072r2025-07-15 00:00:00yBB